00289nam a2200109 a 4500008004100000050001400041100002500055245003600080260003300116300002100149350000900170080109s1969 ||||||||||||||||| || u aQ 175 Coo aCooper, Brian Edward10aStatistics for experimentalists aOxfordbPergamon Pressc1969 aix, 336p. : ill. a0.00